<?xml version="1.0" encoding="UTF-8"?>
<record
    xmlns:xsi="http://www.w3.org/2001/XMLSchema-instance"
    xsi:schemaLocation="http://www.loc.gov/MARC21/slim http://www.loc.gov/standards/marcxml/schema/MARC21slim.xsd"
    xmlns="http://www.loc.gov/MARC21/slim">

  <leader>01485nam a22002057a 4500</leader>
  <controlfield tag="003">IT-MiCISF</controlfield>
  <controlfield tag="005">20250204095908.0</controlfield>
  <controlfield tag="008">200302b           ||||| |||| 00| 0 eng d</controlfield>
  <datafield tag="040" ind1=" " ind2=" ">
    <subfield code="c">IT-MiCISF</subfield>
  </datafield>
  <datafield tag="041" ind1=" " ind2=" ">
    <subfield code="a">it</subfield>
  </datafield>
  <datafield tag="100" ind1=" " ind2=" ">
    <subfield code="a">Rollo Dolores, Fogassi Leonardo</subfield>
    <subfield code="9">58149</subfield>
  </datafield>
  <datafield tag="245" ind1=" " ind2=" ">
    <subfield code="a">L'altro sono io.</subfield>
    <subfield code="b">I neuroni specchio nello sviluppo dell'uomo. Cosa sono e a cosa servono</subfield>
  </datafield>
  <datafield tag="260" ind1=" " ind2=" ">
    <subfield code="a">Cinisello B. (MI),</subfield>
    <subfield code="b">San Paolo,</subfield>
    <subfield code="c">2018</subfield>
  </datafield>
  <datafield tag="300" ind1=" " ind2=" ">
    <subfield code="a">pp. 171</subfield>
  </datafield>
  <datafield tag="500" ind1=" " ind2=" ">
    <subfield code="a">persona, rapporti-interpersonali, educazione, rapporti-madre-figli</subfield>
  </datafield>
  <datafield tag="520" ind1=" " ind2=" ">
    <subfield code="a">Con i neuroni specchio &#xE8; cambiata la prospettiva di studio dell'uomo e delle sue facolt&#xE0;, del suo processo evolutivo e dei fattori che possono influenzarlo. La relazione primaria con l'adulto di riferimento, l'imitazione e la condivisione emotivo-affettiva acquistano un significato nuovo, fondamentale in una prospettiva evolutivo-educativa. Fin dalla nascita la nostra mente &#xE8; organizzata in forma dialogica. Grazie alla scoperta dei neuroni specchio, il sistema nervoso pu&#xF2; essere visto attraverso la lente socio-relazionale. Anche se alcuni aspetti devono ancora essere chiariti, i dati gi&#xE0; a nostra disposizione ci parlano di un'integrazione tra mente, cervello e relazioni interpersonali. Riusciamo a capire chi siamo grazie alle interazioni che abbiamo avuto con gli altri. Un libro che spiega e approfondisce scientificamente una prodigiosa scoperta.</subfield>
  </datafield>
  <datafield tag="650" ind1=" " ind2=" ">
    <subfield code="a">persona</subfield>
    <subfield code="9">56046</subfield>
  </datafield>
  <datafield tag="654" ind1=" " ind2=" ">
    <subfield code="a">saggio</subfield>
  </datafield>
  <datafield tag="942" ind1=" " ind2=" ">
    <subfield code="2">ddc</subfield>
    <subfield code="c">BK</subfield>
  </datafield>
  <datafield tag="999" ind1=" " ind2=" ">
    <subfield code="c">358620</subfield>
    <subfield code="d">358620</subfield>
  </datafield>
  <datafield tag="952" ind1=" " ind2=" ">
    <subfield code="0">0</subfield>
    <subfield code="1">0</subfield>
    <subfield code="2">ddc</subfield>
    <subfield code="4">0</subfield>
    <subfield code="6">B_7588_000000000000000</subfield>
    <subfield code="7">1</subfield>
    <subfield code="a">CISF</subfield>
    <subfield code="b">CISF</subfield>
    <subfield code="d">2020-03-02</subfield>
    <subfield code="l">0</subfield>
    <subfield code="o">b7588</subfield>
    <subfield code="p">9788892214828</subfield>
    <subfield code="r">2020-03-02 00:00:00</subfield>
    <subfield code="w">2020-03-02</subfield>
    <subfield code="y">BK</subfield>
  </datafield>
</record>
